| 000 | 00970cab a22002055a 4500 | ||
|---|---|---|---|
| 001 | L143039 | ||
| 008 | 080214s2008 xxkad f s 000 0 eng d | ||
| 035 | _a(Sirsi) u143039 | ||
| 041 | 0 | _aeng | |
| 110 | 2 |
_aGlobalProperty _95528 |
|
| 245 | 0 | 0 | _aVietnam takes away from China as Hanoi rocks |
| 260 | _c2008 | ||
| 490 | 0 |
_aEuroProperty _vMarch 2008, 30-31(2) |
|
| 520 | _aReports that despite being officially communist, Vietnam is emerging as the next tiger economy. Finds that prospects for investors are improving but still limited. Suggests that this is due to the establishment of market reforms in 1986 which, have led to greatly increased direct foreign investment. However, it also finds that the office sector is still not ready for the new corporate real estate market. Expects the retail market to accelerate. | ||
| 590 | _aKA | ||
| 651 | 4 | _aChina | |
| 651 | 4 | _aVietnam | |
| 690 | _aPROPERTY-COMMERCIAL PROPERTY-COMMERCIAL PROPERTY MARKET | ||
| 942 | _n0 | ||
| 999 |
_c80032 _d80032 |
||